Normal view
MARC view
- University of Ulster Centre for Research on Property and Planning
Entry Corporate Name
001 - CONTROL NUMBER
- control field: 4661
003 - CONTROL NUMBER IDENTIFIER
- control field: OSt
005 - DATE AND TIME OF LATEST TRANSACTION
- control field: 20190806150235.0
008 - FIXED-LENGTH DATA ELEMENTS
- fixed length control field: 050106n| aaannaabn |n ana d
040 ## - CATALOGING SOURCE
- Original cataloging agency: OSt
- Transcribing agency: OSt
110 ## - HEADING--CORPORATE NAME
- Corporate name or jurisdiction name as entry element: University of Ulster Centre for Research on Property and Planning
410 ## - SEE FROM TRACING--CORPORATE NAME
- Corporate name or jurisdiction name as entry element: Centre for Research on Property and Planning University of Ulster
670 ## - SOURCE DATA FOUND
- Source citation: The development of land and property markets in Central and Eastern Europe, 2004